The biochemistry of memory, with an inquiry into the function of the brain mucoids.

Gorde:
Xehetasun bibliografikoak
Egile nagusia: Bogoch, Samuel, 1928-
Formatua: Liburua
Hizkuntza:English
Argitaratua: New York, Oxford University Press, 1968.
Gaiak:
LEADER 00895nam a22002411 4500
001 c000143107
003 CARM
005 00000000000000.0
008 700928s1968 nyua b 00000 eng
019 1 |a 705788  |5 LACONCORD2021 
035 |a (OCoLC)169613  |5 LACONCORD2021 
050 0 0 |a QP376  |b .B63 
100 1 |a Bogoch, Samuel,  |d 1928- 
245 1 4 |a The biochemistry of memory,  |b with an inquiry into the function of the brain mucoids. 
260 |a New York,  |b Oxford University Press,  |c 1968. 
300 |a xi, 254 p.  |b illus.  |c 22 cm. 
504 |a Bibliography: p. 219-243. 
650 0 |a Brain. 
650 0 |a Memory  |x Physiological aspects. 
852 8 |b CARM  |h A2:AD30A0  |i B00035  |p 0002127  |f BK 
082 0 4 |a 612/.822 
999 f f |i 61bf8f95-20a4-5fa7-b59a-8babdd11ebb1  |s 2e28275c-baf9-5ae6-8335-4747553a5f68 
952 f f |p Can circulate  |a CAVAL  |b CAVAL  |c CAVAL  |d CARM 1 Store  |e B00035  |f A2:AD30A0  |h Other scheme  |i book  |m 0002127